000 01223nam a22002777a 4500
003 dpl
005 20180721164400.0
008 180721b xxu||||| |||| 00| 0 eng d
010 _aA-960106
020 _c150.00
035 _aA-960106, A-960110
037 _bCen Lib/Ret
040 _aDPL
_bHN
_c0
082 _a
_bवन्द्योपा
100 _aवन्द्योपाध्याय, ताराशंकर
_964202
245 _aजगन्नाथ का रथ /
_cताराशंकर वन्द्योपाध्याय
246 _aJaggnaath ka rath /
_bby Tarashankar Vandyopadhyaya
260 _a दिल्ली
_bसंस्कृति साहित्य
_c1999
270 _a30/12-२२ए. गली न. ९, विश्वास अगर, शहदरा
_b दिल्ली
_e110032
300 _a151पृ.
_c19सेमी (सजिल्द)
650 _aहिंदी साहित्य
_964203
650 _aहिंदी साहित्य
_xकहानियां
_964204
650 _aHindi literature
_964205
650 _aHindi literature
_xStories
_964206
942 _2ddc
_cHN
_h
_mवन्द्योपा
999 _c115976
_d115976